| Tag |
First Indicator |
Second Indicator |
Subfields |
| LEADER |
00000cam a2200000Mu 4500 |
| 001 |
in00002748613 |
| 006 |
m d |
| 007 |
cr |n|---||||| |
| 008 |
120430s2012 enk o 000 0 eng d |
| 005 |
20250816223648.3 |
| 020 |
|
|
|a 9781907822421 (electronic)
|
| 020 |
|
|
|a 1907822429 (electronic)
|
| 020 |
|
|
|z 9781907822438
|
| 020 |
|
|
|z 1907822437
|
| 035 |
|
|
|a (OCoLC)ocn792685202
|
| 035 |
|
|
|a (OCoLC)792685202
|
| 040 |
|
|
|a EBLCP
|b eng
|c EBLCP
|d OCLCQ
|d YDXCP
|d TXA
|d UtOrBLW
|
| 049 |
|
|
|a TXAM
|
| 090 |
|
|
|a PS3612.E965
|b B47 2012eb
|
| 100 |
1 |
|
|a Lewis, Jeffrey.
|
| 245 |
1 |
0 |
|a Berlin Cantata :
|b a novel /
|c by Jeffrey Lewis.
|
| 264 |
|
1 |
|a London :
|b Haus Pub.,
|c 2012.
|
| 300 |
|
|
|a 1 online resource (240 pages)
|
| 336 |
|
|
|a text
|b txt
|2 rdacontent
|
| 337 |
|
|
|a computer
|b c
|2 rdamedia
|
| 338 |
|
|
|a online resource
|b cr
|2 rdacarrier
|
| 520 |
|
|
|a A young Jewish woman goes to Berlin after the fall of the Wall, finding a world of possibilities and deception.
|
| 588 |
|
|
|a Description based on print version record.
|
| 500 |
|
|
|a Electronic resource.
|
| 650 |
|
0 |
|a Jews
|z Germany
|z Berlin
|v Fiction.
|
| 655 |
|
4 |
|a Electronic books.
|
| 776 |
0 |
8 |
|i Print version:
|a Lewis, Jeffrey
|t Berlin Cantata
|d New York : Haus Publishing, c2012
|z 9781907822438
|
| 856 |
4 |
0 |
|u https://ebookcentral.proquest.com/lib/tamucs/detail.action?docID=896730
|y Connect to the full text of this electronic book
|t 0
|
| 948 |
|
|
|a cataloged
|b h
|c 2012/5/18
|d c
|e agaffey
|f 12:55:21 pm
|
| 994 |
|
|
|a C0
|b TXA
|
| 999 |
f |
f |
|s 0ce45047-d4ff-3e50-946a-51da8a48c00d
|i 66d334f8-ab8e-3068-8b3c-682643e56f08
|t 0
|
| 999 |
|
|
|a MARS
|
| 952 |
f |
f |
|a Texas A&M University
|b College Station
|c Electronic Resources
|d Available Online
|t 0
|e PS3612.E965 B47 2012eb
|h Library of Congress classification
|
| 998 |
f |
f |
|a PS3612.E965 B47 2012eb
|t 0
|l Available Online
|